| 000 | 00408cam a2200169ua 4500 | ||
|---|---|---|---|
| 020 | _c8.00 | ||
| 041 |
_ahin _h |
||
| 082 |
_a891.43 _bRAJ/PA |
||
| 100 | _aRajendra, Trivedi . | ||
| 245 |
_aParibashik shabdh kosh / _cRajendra Trivedi. _hTextual Documents |
||
| 260 |
_a : _bAtmaram and Sons , _c1955. |
||
| 300 | _a304 ; . | ||
| 365 | _a8.00 | ||
| 504 | _a | ||
| 942 | _cBK | ||
| 999 |
_c11484 _d11484 |
||